Countries with the Most COVID-19 Deaths - Statistics

General Stats
  • This quiz has been taken 51 times
  • The average score is 17 of 20
Answer Stats
Deaths Country % Correct
2,000,000 China
100%
334,958 Mexico
100%
1,219,487 United States
98%
130,841 Argentina
96%
402,756 Russia
96%
711,380 Brazil
94%
232,112 United Kingdom
94%
167,642 France
92%
183,027 Germany
92%
196,487 Italy
92%
121,760 Spain
92%
533,570 India
85%
120,598 Poland
85%
143,200 Colombia
71%
162,063 Indonesia
69%
146,811 Iran
69%
222,161 Peru
69%
102,174 Turkey
69%
102,595 South Africa
67%
112,418 Ukraine
67%
No matching quizzes found
Score Distribution
Percent of People with Each Score
Percentile by Number Answered
Your Score History
You have not taken this quiz